Extreme programming installed

Αποθηκεύτηκε σε:
Λεπτομέρειες βιβλιογραφικής εγγραφής
Κύριος συγγραφέας: Jeffries, Ron, 1943-
Άλλοι συγγραφείς: Anderson, Ann, 1967-, Hendrickson, Chet
Μορφή: Βιβλίο
Γλώσσα:English
Δημοσίευση: Boston : Addison-Wesley, c2001
Σειρά:XP series
Θέματα:
Ετικέτες: Προσθήκη ετικέτας
Δεν υπάρχουν, Καταχωρήστε ετικέτα πρώτοι!

MARC

LEADER 00000cam a2200000 i 4500
001 1/34998
008 030402s2001 eng d
020 |a 0-201-70842-6 
035 |l 10069803 
040 |a GR-MY-UA  |b gre  |e aacr 
041 0 |a eng 
082 0 |a 005.3  |2 (21) 
100 1 |a Jeffries, Ron,   |d 1943- 
245 1 0 |a Extreme programming installed /  |c Ron Jeffries, Ann Anderson, Chet Hendrickson 
260 |a Boston :   |b Addison-Wesley,   |c c2001 
300 |a xx, 265 p.;  |b ill.;  |c 24 cm. 
490 1 |a The XP series 
504 |a Includes bibliography (p.245-259) and index 
650 0 0 |a Computer software  |x Development. 
650 0 0 |a eXtreme programming. 
700 1 |a Anderson, Ann,   |d 1967- 
700 1 |a Hendrickson, Chet. 
830 0 |a XP series 
852 |a INST  |b SYROS  |e 20030402  |h 005.3 JEF  |p 005500002481  |q 005500002481  |t BK  |y 0 
901 |a BIBL5-2003-1 
909 |a Ε  |b 103710 
970 |a ΜΑΝΩΛΑΡΑΚΗ  |b ΜΑΡΙΑ  |z 2003/04/02